Hogyan tanítsunk? [tanulmányok-ismertető] /

Elmentve itt :
Bibliográfiai részletek
Szerzők: Kelemen Ignác
Overton Frank
Cooley Alice Woodworth
Somerville Frederick H.
Redway Jacques W.
Barrows Arthur C.
Bryce Catherine T.
Dokumentumtípus: Cikk
Megjelent: 1909
Sorozat:Magyar pedagógia : a Magyar Tudományos Akadémia Pedagógiai Bizottságának folyóirata 18
Kulcsszavak:Oktatás iskolai 1908, Lapszemle
Online Access:http://misc.bibl.u-szeged.hu/8463
LEADER 00913nab a2200253 i 4500
001 misc8463
005 20191106143849.0
008 170607s1909 hu o 0|| hun d
022 |a 0025-0260 
040 |a SZTE Miscellanea Repozitórium  |b hun 
041 |a hun 
100 1 |a Kelemen Ignác 
245 1 0 |a Hogyan tanítsunk?   |h [elektronikus dokumentum] :  |b [tanulmányok-ismertető] /  |c  Kelemen Ignác 
260 |c 1909 
300 |a 47-51 
490 0 |a Magyar pedagógia : a Magyar Tudományos Akadémia Pedagógiai Bizottságának folyóirata  |v 18 
695 |a Oktatás iskolai 1908, Lapszemle 
700 0 1 |a Overton Frank  |e aut 
700 0 1 |a Cooley Alice Woodworth  |e aut 
700 0 1 |a Somerville Frederick H.  |e aut 
700 0 1 |a Redway Jacques W.  |e aut 
700 0 1 |a Barrows Arthur C.  |e aut 
700 0 1 |a Bryce Catherine T.  |e aut 
856 4 0 |u http://misc.bibl.u-szeged.hu/8463/1/mp_1909_1344_047-051.pdf  |z Dokumentum-elérés